[Event "Rated Blitz game"]
[Site "?"]
[Date "2021.03.02"]
[Round "?"]
[White "KacperV"]
[Black "batasjon"]
[Result "1-0"]
[WhiteElo "2406"]
[BlackElo "2314"]
[PlyCount "49"]
[EventDate "2021.??.??"]
[EventType "blitz"]

1. e4 e5 2. Nf3 d5 3. d4 dxe4 4. Nxe5 Bd6 5. Nc3 Nf6 6. Bg5 O-O 7. Be2 Bf5 8.
O-O h6 9. Bh4 Nc6 10. Nxc6 bxc6 11. f3 e3 12. Bd3 Bxd3 13. Qxd3 c5 14. Ne4 g5
15. Nxd6 Qxd6 16. Bg3 Qxd4 17. Qxd4 cxd4 18. Be5 Nd5 19. Bxd4 f5 20. c4 Nb4 21.
Bxe3 Nc2 22. Bc5 Rfe8 23. Rac1 Re2 24. Rf2 Rae8 25. Rxc2 {Normal} 1-0

[Event "Rated Blitz tournament e32fSqp5"]
[Site "?"]
[Date "2021.03.02"]
[Round "?"]
[White "Lioni26"]
[Black "jblick"]
[Result "1-0"]
[WhiteElo "2423"]
[BlackElo "2330"]
[PlyCount "35"]
[EventDate "2021.??.??"]
[EventType "blitz"]

1. e4 e5 2. Nf3 d5 3. d4 dxe4 4. Nxe5 Bd6 5. Nc4 Nf6 6. Nc3 h6 7. Be2 O-O 8.
Nxd6 cxd6 9. O-O d5 10. Bf4 a6 11. f3 Qb6 12. fxe4 dxe4 13. Be5 Nbd7 14. Kh1
Qxb2 15. Qd2 Qb6 16. Rab1 Qa5 17. Nxe4 Nxe4 18. Qxa5 {Normal} 1-0

[Event "Rated Blitz game"]
[Site "?"]
[Date "2021.03.02"]
[Round "?"]
[White "FlinkerFreddy"]
[Black "Schachelite"]
[Result "0-1"]
[WhiteElo "2407"]
[BlackElo "2425"]
[PlyCount "62"]
[EventDate "2021.??.??"]
[EventType "blitz"]

1. e4 e5 2. Nf3 d5 3. Nc3 d4 4. Ne2 Nc6 5. Ng3 Bd6 6. Bc4 Na5 7. Bb5+ c6 8. Ba4
b5 9. Bb3 Ne7 10. d3 O-O 11. Ng5 Nxb3 12. axb3 Ng6 13. Qh5 h6 14. Nxf7 Bb4+ 15.
Ke2 Qf6 16. Nxh6+ gxh6 17. Bxh6 Nf4+ 18. Bxf4 exf4 19. Nf1 Be6 20. Nd2 Bxd2 21.
Kxd2 Bf7 22. Qe2 a5 23. f3 Qd6 24. Qf2 Qb4+ 25. Ke2 Qc5 26. Rhc1 a4 27. bxa4
Rxa4 28. b3 Rxa1 29. Rxa1 Qxc2+ 30. Ke1 Qc3+ 31. Ke2 Qb2+ {Time forfeit} 0-1

[Event "Rated Blitz game"]
[Site "?"]
[Date "2021.03.02"]
[Round "?"]
[White "Ashtangi"]
[Black "walodelpalo"]
[Result "1/2-1/2"]
[WhiteElo "2435"]
[BlackElo "2257"]
[PlyCount "72"]
[EventDate "2021.??.??"]
[EventType "blitz"]

1. e4 e5 2. Nf3 d5 3. Nxe5 Bd6 4. d4 dxe4 5. Qe2 Bxe5 6. dxe5 Qd4 7. Nc3 Qxe5
8. Qxe4 Qxe4+ 9. Nxe4 Bf5 10. Ng3 Bxc2 11. Be3 Nc6 12. Rc1 Bg6 13. Bb5 Nge7 14.
h4 O-O-O 15. h5 Bd3 16. Ba4 Rhe8 17. h6 gxh6 18. Rxh6 Nd5 19. Bxc6 Nxe3 20.
Bxe8 Nxg2+ 21. Kd2 Bg6+ 22. Kc3 Rxe8 23. Nh5 Re5 24. Nf6 Nf4 25. Rd1 Rc5+ 26.
Kb4 Rc6 27. Nxh7 Nd3+ 28. Ka3 Ra6+ 29. Kb3 Rb6+ 30. Kc3 Nxb2 31. Re1 Na4+ 32.
Kd2 Rd6+ 33. Kc1 Rc6+ 34. Kd2 Rd6+ 35. Ke3 Re6+ 36. Kd2 Rd6+ {Normal} 1/2-1/2

[Event "Rated Blitz game"]
[Site "?"]
[Date "2021.03.02"]
[Round "?"]
[White "good_knight_kisses"]
[Black "KamranShirazi"]
[Result "1-0"]
[WhiteElo "2362"]
[BlackElo "2452"]
[PlyCount "117"]
[EventDate "2021.??.??"]
[EventType "blitz"]

1. e4 e5 2. Nf3 d5 3. exd5 e4 4. Qe2 f5 5. d3 Nf6 6. dxe4 fxe4 7. Nc3 Bb4 8.
Qb5+ c6 9. Qxb4 exf3 10. gxf3 cxd5 11. Bg5 Nc6 12. Qc5 Kf7 13. O-O-O Be6 14.
Bc4 Qe7 15. Qxe7+ Nxe7 16. Bxf6 dxc4 17. Bxe7 Kxe7 18. Rhe1 Rhd8 19. Rxd8 Rxd8
20. Nb5 Kf6 21. Nxa7 c3 22. bxc3 Ra8 23. Nb5 Rxa2 24. Nd4 Bf7 25. Kd2 Ra5 26.
Rb1 Bd5 27. Ke3 Ra8 28. Rb5 Re8+ 29. Kf4 Bc6 30. Nxc6 bxc6 31. Rc5 Re6 32. h4
g6 33. h5 Rd6 34. hxg6 hxg6 35. c4 Re6 36. c3 Rd6 37. Ke4 Re6+ 38. Kd4 Rd6+ 39.
Ke3 Re6+ 40. Kd3 Rd6+ 41. Kc2 Re6 42. Kb3 Ke7 43. f4 Rf6 44. Rg5 Kd7 45. Kb4
Kc7 46. Kc5 Rxf4 47. Rxg6 Rf5+ 48. Kb4 Kb6 49. Rg2 c5+ 50. Kb3 Ka5 51. Kc2 Rf4
52. Kd3 Ka4 53. Ke3 Rxc4 54. Kd3 Kb3 55. f4 Rxc3+ 56. Ke4 Rc4+ 57. Ke5 Rc2 58.
Rxc2 Kxc2 59. f5 {Time forfeit} 1-0

[Event "Rated Blitz game"]
[Site "?"]
[Date "2021.03.02"]
[Round "?"]
[White "Vincetelligent"]
[Black "magos33"]
[Result "1-0"]
[WhiteElo "2417"]
[BlackElo "2351"]
[PlyCount "83"]
[EventDate "2021.??.??"]
[EventType "blitz"]

1. e4 e5 2. Nf3 d5 3. exd5 e4 4. Nd4 Qxd5 5. Nb3 Nf6 6. Nc3 Qe5 7. Qe2 Bf5 8.
d4 Qe6 9. Qb5+ Nc6 10. d5 Qd7 11. Qxb7 Rb8 12. Qxc6 Bd6 13. Bb5 Qxc6 14. Bxc6+
Ke7 15. Bg5 h6 16. Bh4 g5 17. Bg3 Bxg3 18. hxg3 Kd6 19. O-O h5 20. Nb5+ Ke5 21.
f4+ exf3 22. gxf3 Bxc2 23. Rae1+ Kf5 24. N3d4+ Kg6 25. Nxc2 h4 26. g4 a6 27.
Nxc7 Rxb2 28. Rf2 h3 29. Kh2 Rc8 30. Ne8 Nxe8 31. Rxe8 Rxe8 32. Bxe8 Rxa2 33.
d6 Kf6 34. Re2 Ra3 35. d7 Rd3 36. Nb4 Rd6 37. Nxa6 Kg7 38. Nc5 f5 39. gxf5 Kh6
40. Kxh3 g4+ 41. Kxg4 Kg7 42. Kg5 {Time forfeit} 1-0

[Event "Rated Blitz game"]
[Site "?"]
[Date "2021.03.02"]
[Round "?"]
[White "calis228"]
[Black "jsequera"]
[Result "0-1"]
[WhiteElo "2336"]
[BlackElo "2413"]
[PlyCount "60"]
[EventDate "2021.??.??"]
[EventType "blitz"]

1. e4 e5 2. Nf3 d5 3. d4 dxe4 4. Nxe5 Bd6 5. Qh5 Qe7 6. Bc4 Bxe5 7. Qxe5 Qxe5
8. dxe5 Nc6 9. Bf4 Nge7 10. Nc3 Ng6 11. Bg3 Ncxe5 12. Bd5 f5 13. h4 c6 14. Bb3
h5 15. O-O-O Ke7 16. Rhe1 Be6 17. f3 Bxb3 18. axb3 Rhd8 19. Rxd8 Rxd8 20. Bxe5
Nxe5 21. fxe4 f4 22. g3 fxg3 23. Rg1 Rf8 24. Rxg3 Rf1+ 25. Kd2 Ng4 26. Ne2 Rf2
27. Kd3 Kf6 28. Nd4 Ke5 29. Nf3+ Kf4 30. Rxg4+ hxg4 {Normal} 0-1

[Event "Rated Blitz game"]
[Site "?"]
[Date "2021.03.02"]
[Round "?"]
[White "EinarHjalti"]
[Black "DarthZannah"]
[Result "1-0"]
[WhiteElo "2457"]
[BlackElo "2529"]
[PlyCount "31"]
[EventDate "2021.??.??"]
[EventType "blitz"]

1. e4 e5 2. Nf3 d5 3. exd5 e4 4. Qe2 Nf6 5. d3 Qxd5 6. Bd2 Be7 7. dxe4 Qxe4 8.
Nc3 Qxc2 9. Nd4 Qg6 10. Ndb5 Na6 11. O-O-O Be6 12. Qf3 O-O-O 13. Nxa7+ Kb8 14.
Bxa6 bxa6 15. Nc6+ Kc8 16. Nxe7+ {Normal} 1-0

[Event "Rated Blitz game"]
[Site "?"]
[Date "2021.03.02"]
[Round "?"]
[White "WelshTiger"]
[Black "DarthZannah"]
[Result "0-1"]
[WhiteElo "2410"]
[BlackElo "2516"]
[PlyCount "116"]
[EventDate "2021.??.??"]
[EventType "blitz"]

1. e4 e5 2. Nf3 d5 3. exd5 e4 4. Qe2 Nf6 5. Nc3 Be7 6. Nxe4 O-O 7. d3 Qxd5 8.
Nxf6+ Bxf6 9. Qd1 c5 10. Be2 Nc6 11. O-O Bg4 12. c3 Rfe8 13. Be3 b6 14. Qa4 Bh5
15. Qc4 Qd7 16. Rfe1 Rad8 17. Rad1 Qc7 18. Bf4 Qd7 19. d4 cxd4 20. cxd4 Nxd4
21. Nxd4 Bxe2 22. Rxe2 Rxe2 23. Qxe2 Bxd4 24. Kf1 Qc8 25. Be3 Bxe3 26. Rxd8+
Qxd8 27. fxe3 h6 28. a3 Qd6 29. Kg1 Qd5 30. h3 Qe4 31. Kh2 g6 32. Kg1 h5 33.
Kh2 Kg7 34. Kg1 Kf6 35. Qf3+ Qxf3 36. gxf3 g5 37. Kf2 Ke5 38. Ke2 f5 39. Kf2 g4
40. h4 Kd5 41. Kg3 Ke5 42. Kf2 b5 43. Kg3 a5 44. b3 a4 45. bxa4 bxa4 46. Kf2
Kd5 47. Kg3 gxf3 48. Kxf3 Ke5 49. Kg3 Ke4 50. Kf2 f4 51. exf4 Kxf4 52. Kg2 Kg4
53. Kh2 Kxh4 54. Kg2 Kg4 55. Kh2 Kf3 56. Kh3 Ke3 57. Kh4 Kd3 58. Kxh5 Kc3 {
Normal} 0-1

[Event "Rated Rapid game"]
[Site "?"]
[Date "2021.03.02"]
[Round "?"]
[White "YuryLu"]
[Black "el7or95"]
[Result "1-0"]
[WhiteElo "2402"]
[BlackElo "2247"]
[PlyCount "61"]
[EventDate "2021.??.??"]
[EventType "rapid"]

1. e4 e5 2. Nf3 d5 3. exd5 e4 4. Qe2 Nf6 5. d3 Bb4+ 6. c3 O-O 7. dxe4 Ba5 8.
Bg5 Re8 9. Nbd2 Bg4 10. O-O-O Nbd7 11. h3 Bh5 12. g4 Bg6 13. e5 Nxe5 14. Nxe5
Qxd5 15. Ndc4 Qxh1 16. Nxa5 Qh2 17. f4 Qxe2 18. Bxe2 h6 19. Bh4 Bh7 20. Bf3 Kh8
21. Nxf7+ Kg8 22. Ne5 c6 23. Nxb7 Ne4 24. Nd6 Nxd6 25. Rxd6 g5 26. Bg3 gxf4 27.
Bxf4 Rf8 28. Bxc6 Rac8 29. Bd5+ Kh8 30. Nf7+ Kg7 31. Bxh6+ {Normal} 1-0

[Event "Rated Blitz game"]
[Site "?"]
[Date "2021.03.02"]
[Round "?"]
[White "TheBigGreek"]
[Black "KamranShirazi"]
[Result "0-1"]
[WhiteElo "2490"]
[BlackElo "2456"]
[PlyCount "46"]
[EventDate "2021.??.??"]
[EventType "blitz"]

1. e4 e5 2. Nf3 d5 3. exd5 e4 4. Qe2 f5 5. Nc3 Nf6 6. Nd4 c6 7. d3 cxd5 8. Bd2
Nc6 9. Nxc6 bxc6 10. f3 Bb4 11. dxe4 fxe4 12. fxe4 O-O 13. e5 Bxc3 14. Bxc3 Ne4
15. Qe3 Qh4+ 16. g3 Qh5 17. Be2 Bg4 18. Bxg4 Qxg4 19. Qe2 Qxe2+ 20. Kxe2 Rf2+
21. Kd3 Nc5+ 22. Ke3 Raf8 23. e6 Nxe6 {Normal} 0-1

[Event "Rated Blitz game"]
[Site "?"]
[Date "2021.03.02"]
[Round "?"]
[White "shieliza"]
[Black "RiskyBlitzer"]
[Result "1-0"]
[WhiteElo "2342"]
[BlackElo "2484"]
[PlyCount "135"]
[EventDate "2021.??.??"]
[EventType "blitz"]

1. e4 e5 2. Nf3 d5 3. d3 dxe4 4. dxe4 Qxd1+ 5. Kxd1 Bc5 6. Nxe5 Bxf2 7. Nd3 Bb6
8. Nc3 Nc6 9. Nd5 Nge7 10. c3 Be6 11. Nxe7 Kxe7 12. Nf4 Ne5 13. Kc2 Rad8 14.
Nxe6 Kxe6 15. Bf4 f6 16. Bb5 g5 17. Bxe5 Kxe5 18. Rhf1 Be3 19. Rae1 Rd2+ 20.
Kb3 Bf2 21. Re2 Rxe2 22. Bxe2 Bc5 23. Rf5+ Kd6 24. Rxf6+ Ke7 25. Rf5 Be3 26.
Rf3 Bg1 27. h3 Rg8 28. Bc4 Rg7 29. e5 c6 30. a4 h5 31. e6 g4 32. hxg4 hxg4 33.
Rd3 Kf6 34. Kc2 Bh2 35. b4 Re7 36. a5 Be5 37. Rd8 Kg5 38. Kd3 Kf4 39. Rf8+ Kg3
40. Rf5 Bd6 41. Rg5 Kxg2 42. Rxg4+ Kf3 43. Rg8 b5 44. Bb3 c5 45. Bd1+ Kf4 46.
bxc5 Bxc5 47. Bb3 Ke5 48. Rd8 Bd6 49. Rc8 b4 50. cxb4 Bxb4 51. a6 Ba5 52. Kc4
Bb6 53. Kb5 Kd6 54. Rc6+ Ke5 55. Rxb6 axb6 56. Kxb6 Rxe6+ 57. Bxe6 Kxe6 58. a7
Kd6 59. a8=Q Ke5 60. Qc6 Kd4 61. Kb5 Kd3 62. Qd5+ Ke3 63. Qe5+ Kd2 64. Kc4 Kc2
65. Qd4 Kb1 66. Qf2 Kc1 67. Kc3 Kd1 68. Qd2# {Normal} 1-0

[Event "Rated Blitz game"]
[Site "?"]
[Date "2021.03.02"]
[Round "?"]
[White "Hendrikom"]
[Black "specialprize4u"]
[Result "1-0"]
[WhiteElo "2436"]
[BlackElo "2296"]
[PlyCount "81"]
[EventDate "2021.??.??"]
[EventType "blitz"]

1. e4 e5 2. Nf3 d5 3. Nxe5 Bd6 4. d4 dxe4 5. Nc4 Nf6 6. Nxd6+ Qxd6 7. Be2 O-O
8. O-O Nc6 9. c3 Bf5 10. Be3 Bg6 11. Qd2 Rad8 12. Bf4 Qd7 13. Na3 Nd5 14. Bg3
f5 15. Bf4 h6 16. Nc4 Bh7 17. Ne5 Nxe5 18. Bxe5 f4 19. Bc4 f3 20. Bg3 c6 21.
Rfe1 fxg2 22. Bb3 Rf3 23. Re3 Kh8 24. Rxf3 exf3 25. Be5 Qh3 26. Re1 Rf8 27. c4
Nb6 28. d5 cxd5 29. cxd5 Qf5 30. d6 Nd7 31. Bc3 Nc5 32. Qxh6 Qg6 33. Qxg6 Bxg6
34. Bb4 Nxb3 35. axb3 Rd8 36. h4 a5 37. Ba3 b5 38. Bc5 Bf7 39. Re7 Bxb3 40. d7
Kh7 41. Bb6 {Normal} 1-0

[Event "Rated Blitz tournament TMZCscT0"]
[Site "?"]
[Date "2021.03.02"]
[Round "?"]
[White "biagiobiagin92"]
[Black "cuerosky"]
[Result "0-1"]
[WhiteElo "2457"]
[BlackElo "2237"]
[PlyCount "78"]
[EventDate "2021.??.??"]
[EventType "blitz"]

1. e4 e5 2. Nf3 d5 3. d4 dxe4 4. Nxe5 Bd6 5. f4 exf3 6. Nxf3 Nf6 7. Bd3 O-O 8.
O-O c5 9. c3 Nc6 10. Bg5 Be7 11. dxc5 Bxc5+ 12. Kh1 Be7 13. Bxf6 Bxf6 14. Be4
Qb6 15. Qb3 Be6 16. Qxb6 axb6 17. a3 Rfd8 18. Nbd2 Na5 19. Rad1 Rac8 20. Bc2
Nc4 21. Nxc4 Bxc4 22. Rfe1 Kf8 23. Kg1 h6 24. Kf2 g5 25. h3 Be6 26. Be4 Rc7 27.
Rxd8+ Bxd8 28. Nd4 Bc8 29. Nb5 Re7 30. Nd6 Be6 31. Nxb7 Bc7 32. Bf3 Rd7 33. Bc6
Rd2+ 34. Re2 Rd1 35. Ba4 Rb1 36. Bc6 Bc4 37. Re8+ Kg7 38. b4 Bf4 39. Rc8 Rf1# {
Normal} 0-1

[Event "Rated Blitz game"]
[Site "?"]
[Date "2021.03.02"]
[Round "?"]
[White "Nebula64"]
[Black "GrandeGila"]
[Result "1-0"]
[WhiteElo "2488"]
[BlackElo "2416"]
[PlyCount "33"]
[EventDate "2021.??.??"]
[EventType "blitz"]

1. e4 e5 2. Nf3 d5 3. exd5 e4 4. Qe2 Nf6 5. Nc3 Be7 6. Nxe4 O-O 7. d3 Qxd5 8.
Nc3 Bb4 9. Be3 Re8 10. a3 Qa5 11. Kd2 Nc6 12. g3 Bg4 13. Bg2 Rad8 14. axb4 Qxb4
15. Ra4 Qxb2 16. Rb1 Ne4+ 17. Rxe4 {Normal} 1-0

[Event "Rated Blitz game"]
[Site "?"]
[Date "2021.03.02"]
[Round "?"]
[White "micfel"]
[Black "GrandeGila"]
[Result "0-1"]
[WhiteElo "2421"]
[BlackElo "2413"]
[PlyCount "34"]
[EventDate "2021.??.??"]
[EventType "blitz"]

1. e4 e5 2. Nf3 d5 3. Nxe5 Bd6 4. d4 dxe4 5. Bd2 Bxe5 6. dxe5 Nc6 7. Bc3 Qxd1+
8. Kxd1 Bg4+ 9. Be2 O-O-O+ 10. Nd2 Bf5 11. Ke1 Nge7 12. Bc4 Rhf8 13. Nf1 Ng6
14. Ne3 Be6 15. Bxe6+ fxe6 16. Nc4 b5 17. Nd2 b4 {Normal} 0-1

[Event "Rated Blitz game"]
[Site "?"]
[Date "2021.03.02"]
[Round "?"]
[White "warredw"]
[Black "pjotrrcappan"]
[Result "0-1"]
[WhiteElo "2465"]
[BlackElo "2495"]
[PlyCount "116"]
[EventDate "2021.??.??"]
[EventType "blitz"]

1. e4 e5 2. Nf3 d5 3. d3 Nf6 4. Nbd2 Bc5 5. Be2 Nc6 6. O-O g5 7. exd5 Nxd5 8.
Nc4 f6 9. c3 Be6 10. d4 exd4 11. Nxd4 Bxd4 12. cxd4 Qd7 13. Bh5+ Bf7 14. Re1+
Kf8 15. Bf3 h5 16. Ne3 Rd8 17. Nxd5 Bxd5 18. Be3 g4 19. Bxd5 Qxd5 20. Rc1 Kg7
21. a3 Rd7 22. Rc5 Qf7 23. Qc2 Rhd8 24. Qf5 Nxd4 25. Qxh5 Qxh5 26. Rxh5 Nc2 27.
Kf1 Nxe1 28. Kxe1 Rd1+ 29. Ke2 Rb1 30. Rb5 b6 31. Rb3 c5 32. h3 gxh3 33. gxh3
Rh1 34. a4 Kf7 35. a5 Rd6 36. axb6 axb6 37. Ra3 Rxh3 38. Ra7+ Ke6 39. Rb7 Rc6
40. Rb8 Rh5 41. Kd3 Rd5+ 42. Kc3 Kf5 43. Re8 Re6 44. Rh8 Ke4 45. Rh4+ Kf3 46.
Rf4+ Ke2 47. b4 cxb4+ 48. Kxb4 f5 49. Kc3 b5 50. Kb3 Re4 51. Rxe4 fxe4 52. Kb4
Kd3 53. Ba7 Rf5 54. Be3 Ke2 55. Ba7 Rf7 56. Bc5 Rxf2 57. Kxb5 Rf5 58. Kc4 Rxc5+
{Normal} 0-1

[Event "Rated Blitz game"]
[Site "?"]
[Date "2021.03.02"]
[Round "?"]
[White "Maulwurf54"]
[Black "Schachelite"]
[Result "0-1"]
[WhiteElo "2395"]
[BlackElo "2438"]
[PlyCount "112"]
[EventDate "2021.??.??"]
[EventType "blitz"]

1. e4 e5 2. Nf3 d5 3. Nxe5 Bd6 4. Nxf7 Kxf7 5. exd5 Nf6 6. c4 Re8+ 7. Be2 Qe7
8. Nc3 Ne4 9. d3 Nxc3 10. bxc3 Bg4 11. Be3 Bxe2 12. Qxe2 Nd7 13. d4 Kg8 14. O-O
Bf4 15. Rfe1 Nf6 16. Qf3 Bxe3 17. fxe3 Ne4 18. Rac1 Rf8 19. Qg4 Rf2 20. Qe6+
Qxe6 21. dxe6 Kf8 22. Rf1 Rxf1+ 23. Rxf1+ Ke7 24. Rf7+ Kxe6 25. Rxc7 Rb8 26.
Rxg7 Nxc3 27. a3 Nb1 28. a4 a5 29. Rxh7 Nc3 30. Rh6+ Kf5 31. Rh5+ Ke4 32. Rxa5
Kxe3 33. d5 Kd4 34. d6 Kxc4 35. h4 Rd8 36. Ra7 b6 37. d7 Kb4 38. Rb7 Kc5 39.
Kf2 Nxa4 40. g4 Kc6 41. Ra7 Nc5 42. g5 Nxd7 43. Kg3 b5 44. Kg4 b4 45. Ra1 b3
46. Rb1 Rb8 47. h5 Nc5 48. g6 Kd6 49. Kg5 Ke7 50. h6 Ne6+ 51. Kf5 Rb5+ 52. Ke4
Kf6 53. h7 Kg7 54. Rh1 Rb8 55. Kd3 Nf4+ 56. Kc3 Nxg6 {Time forfeit} 0-1

[Event "Rated Blitz game"]
[Site "?"]
[Date "2021.03.02"]
[Round "?"]
[White "masterdizzaster"]
[Black "turkish_whip"]
[Result "1-0"]
[WhiteElo "2306"]
[BlackElo "2416"]
[PlyCount "44"]
[EventDate "2021.??.??"]
[EventType "blitz"]

1. e4 e5 2. Nf3 d5 3. d4 exd4 4. exd5 Qxd5 5. Nxd4 Bb4+ 6. c3 Bc5 7. Nd2 Bxd4
8. cxd4 Nc6 9. Nf3 Bg4 10. Be2 O-O-O 11. O-O Nge7 12. Be3 Nf5 13. h3 Bh5 14.
Qa4 Rhe8 15. Bc4 Nxe3 16. Bxd5 Nxd5 17. Rfe1 Bxf3 18. gxf3 Rxe1+ 19. Rxe1 a6
20. Qc4 g6 21. a3 f6 22. b4 Kb8 {Normal} 1-0

[Event "Rated Blitz game"]
[Site "?"]
[Date "2021.03.02"]
[Round "?"]
[White "flaggernoob"]
[Black "Erow"]
[Result "0-1"]
[WhiteElo "2529"]
[BlackElo "2671"]
[PlyCount "52"]
[EventDate "2021.??.??"]
[EventType "blitz"]

1. e4 e5 2. Nf3 d5 3. exd5 e4 4. Qe2 Nf6 5. Nc3 Be7 6. Nxe4 O-O 7. d3 Qxd5 8.
g3 Re8 9. Bg2 Bb4+ 10. c3 Nxe4 11. dxe4 Rxe4 12. Be3 Bc5 13. Rd1 Qf5 14. Rd8+
Bf8 15. Nh4 Rxh4 16. gxh4 Nc6 17. Rd1 Be6 18. Qf3 Qg6 19. Qg3 Qf6 20. Bxc6 bxc6
21. O-O Bd5 22. Bd4 Qh6 23. Be5 Re8 24. Bf4 Qe6 25. Rfe1 Qxe1+ 26. Rxe1 Rxe1# {
Normal} 0-1

[Event "Rated Blitz game"]
[Site "?"]
[Date "2021.03.01"]
[Round "?"]
[White "biagiobiagin92"]
[Black "blastol"]
[Result "1-0"]
[WhiteElo "2444"]
[BlackElo "2359"]
[PlyCount "43"]
[EventDate "2021.??.??"]
[EventType "blitz"]

1. e4 e5 2. Nf3 d5 3. exd5 Bd6 4. d4 e4 5. Ne5 Nf6 6. Nc3 O-O 7. Bf4 Re8 8. Bc4
Nbd7 9. O-O Nb6 10. Bb3 a5 11. a4 Qe7 12. Re1 Bf5 13. f3 exf3 14. Qxf3 Rad8 15.
Bg5 h6 16. Qxf5 hxg5 17. Qxg5 Nfxd5 18. Qxe7 Bxe7 19. Nxd5 Nxd5 20. c3 Bf6 21.
Ng4 Bg5 22. Rxe8+ {Normal} 1-0

[Event "Rated Blitz tournament CFWpG0Bx"]
[Site "?"]
[Date "2021.03.01"]
[Round "?"]
[White "masenik"]
[Black "Aduna"]
[Result "1-0"]
[WhiteElo "2416"]
[BlackElo "2284"]
[PlyCount "127"]
[EventDate "2021.??.??"]
[EventType "blitz"]

1. e4 e5 2. Nf3 d5 3. Nxe5 Bd6 4. d4 dxe4 5. Bc4 Bxe5 6. dxe5 Qxd1+ 7. Kxd1 Nc6
8. Bf4 Nge7 9. e6 Bxe6 10. Bxe6 fxe6 11. Bxc7 Rc8 12. Bg3 O-O 13. c3 Rfd8+ 14.
Ke2 Nf5 15. Nd2 Ncd4+ 16. cxd4 Nxd4+ 17. Kd1 Rc2 18. Be5 Rxb2 19. Ke1 Nc2+ 20.
Ke2 Rb5 21. Rac1 Nb4 22. Bc7 Rd4 23. a4 Rbd5 24. Nb3 Rd3 25. Nc5 Rd2+ 26. Ke3
Nc2+ 27. Kxe4 R2d4+ 28. Kf3 Rxc5 29. Bb8 Rc3+ 30. Ke2 a6 31. Rhd1 Rxd1 32. Kxd1
Rc8 33. Bg3 Rc4 34. Rxc2 Rxa4 35. Rc8+ Kf7 36. Rc7+ Kf6 37. Rxb7 Ra2 38. h4 a5
39. Kc1 a4 40. Kb1 Re2 41. Ra7 Re1+ 42. Ka2 Rg1 43. Rxa4 Rxg2 44. Rf4+ Ke7 45.
Rg4 g6 46. Kb3 Kf6 47. Kc3 e5 48. Kd3 Rg1 49. Ke2 Ra1 50. Rb4 Ra2+ 51. Kf3 Ra3+
52. Ke4 Ra1 53. Rb6+ Kg7 54. Kxe5 Kh6 55. Rb5 Kh5 56. Kf6+ Kg4 57. Rg5+ Kf3 58.
Kg7 h5 59. Kxg6 Ra6+ 60. Kxh5 Ra4 61. Rg6 Kg2 62. Kh6 Kh3 63. h5 Ra6 64. Rxa6 {
Normal} 1-0

[Event "Rated Blitz game"]
[Site "?"]
[Date "2021.03.01"]
[Round "?"]
[White "SirBasilGolightly"]
[Black "pjotrrcappan"]
[Result "0-1"]
[WhiteElo "2443"]
[BlackElo "2459"]
[PlyCount "42"]
[EventDate "2021.??.??"]
[EventType "blitz"]

1. e4 e5 2. Nf3 d5 3. Nxe5 Nf6 4. exd5 Qxd5 5. d4 Nc6 6. Nxc6 Qxc6 7. c3 Bd6 8.
Be3 O-O 9. Nd2 Re8 10. a4 Bg4 11. Qb3 Bf4 12. Nc4 Nd5 13. Kd2 Nxe3 14. Nxe3
Rxe3 15. fxe3 Bxe3+ 16. Kxe3 Re8+ 17. Kd2 Qh6+ 18. Kd3 Qe3+ 19. Kc2 Bf5+ 20.
Bd3 Qxd3+ 21. Kc1 Re2 {Normal} 0-1

[Event "Rated Blitz game"]
[Site "?"]
[Date "2021.03.01"]
[Round "?"]
[White "lugoking"]
[Black "annaly1979"]
[Result "1-0"]
[WhiteElo "2436"]
[BlackElo "2373"]
[PlyCount "37"]
[EventDate "2021.??.??"]
[EventType "blitz"]

1. e4 e5 2. Nf3 d5 3. exd5 e4 4. Ne5 Bd6 5. Nc4 Nf6 6. Nxd6+ cxd6 7. Nc3 h6 8.
Bb5+ Nbd7 9. Qe2 O-O 10. O-O a6 11. Bxd7 Bxd7 12. Nxe4 Nxe4 13. Qxe4 Re8 14.
Qf3 Qc8 15. c3 Bg4 16. Qg3 Be2 17. Re1 Qc4 18. d4 Bd1 19. Rxd1 {Normal} 1-0

[Event "Rated Blitz tournament ACLtC9sO"]
[Site "?"]
[Date "2021.03.01"]
[Round "?"]
[White "BaleevK"]
[Black "Schachelite"]
[Result "1/2-1/2"]
[WhiteElo "2367"]
[BlackElo "2434"]
[PlyCount "116"]
[EventDate "2021.??.??"]
[EventType "blitz"]

1. e4 e5 2. Nf3 d5 3. Nxe5 Bd6 4. d4 dxe4 5. Nc4 Nf6 6. Be2 Nc6 7. c3 O-O 8.
Bg5 Be7 9. Ne3 b6 10. O-O Bb7 11. Nd2 h6 12. Bh4 Re8 13. Nb3 Qd7 14. c4 Rad8
15. d5 Ne5 16. Qc2 c6 17. dxc6 Qxc6 18. Rad1 Nd3 19. Bxd3 exd3 20. Rxd3 Rxd3
21. Qxd3 Bc5 22. Nd5 Nxd5 23. cxd5 Qxd5 24. Qxd5 Bxd5 25. Nxc5 bxc5 26. f3 Re2
27. Rf2 Rxf2 28. Bxf2 Bxa2 29. Bxc5 a6 30. Kf2 f5 31. f4 Kf7 32. Ke3 Bd5 33. g3
g5 34. Bb6 g4 35. Kd4 Ke6 36. Kc5 h5 37. Bc7 Bg2 38. Be5 Bf1 39. Bd4 Bb5 40.
Be5 h4 41. Bd4 h3 42. Be5 Kd7 43. Bd4 Kc7 44. Be5+ Kb7 45. Bd4 Bf1 46. Be5 Bg2
47. Bd4 Be4 48. Be5 Bd3 49. Bd4 a5 50. Be5 Ka6 51. Bd4 a4 52. Bc3 Bc2 53. Bb4
Kb7 54. Bc3 Be4 55. Bd4 Kc7 56. Bc3 Kb7 57. Bd4 Ka6 58. Bc3 Kb7 {Normal}
1/2-1/2

[Event "Rated Blitz game"]
[Site "?"]
[Date "2021.03.01"]
[Round "?"]
[White "BEAST_MODE_ON"]
[Black "KamranShirazi"]
[Result "0-1"]
[WhiteElo "2497"]
[BlackElo "2481"]
[PlyCount "72"]
[EventDate "2021.??.??"]
[EventType "blitz"]

1. e4 e5 2. Nf3 d5 3. d3 dxe4 4. dxe4 Qxd1+ 5. Kxd1 Nc6 6. Bb5 Bd7 7. c3 O-O-O
8. Nbd2 f6 9. a4 a6 10. Bc4 Bc5 11. Ke2 Nge7 12. b4 Ba7 13. Ba3 Ng6 14. g3 Bh3
15. Rhd1 h5 16. Nb3 Bd7 17. b5 Nb8 18. Bc5 Bxc5 19. Nxc5 axb5 20. axb5 Bg4 21.
Ke3 Ne7 22. Be6+ Bxe6 23. Nxe6 Rxd1 24. Rxd1 Rg8 25. h3 Nd7 26. g4 hxg4 27.
hxg4 Nb6 28. g5 Ng6 29. Rg1 Nc4+ 30. Kd3 Nd6 31. gxf6 gxf6 32. c4 b6 33. c5
bxc5 34. Nxc5 Nf4+ 35. Ke3 Rd8 36. Ne6 Nc4# {Normal} 0-1

[Event "Rated Blitz game"]
[Site "?"]
[Date "2021.03.01"]
[Round "?"]
[White "Prettyfly"]
[Black "KamranShirazi"]
[Result "1-0"]
[WhiteElo "2539"]
[BlackElo "2471"]
[PlyCount "81"]
[EventDate "2021.??.??"]
[EventType "blitz"]

1. e4 e5 2. Nf3 d5 3. Nc3 dxe4 4. Nxe5 Qd4 5. Nc4 Be6 6. b3 Bc5 7. Ne3 f5 8.
Bb2 Qd7 9. Bb5 c6 10. Bc4 Nf6 11. O-O Bxc4 12. Nxc4 Bd4 13. d3 b5 14. Nd2 exd3
15. Re1+ Kf7 16. Nf3 Ng4 17. Nxd4 Qxd4 18. Qf3 Kg6 19. cxd3 Nd7 20. Qxc6+ Ndf6
21. Qf3 Rhe8 22. h3 Ne5 23. Qg3+ Kf7 24. Nd1 Nf3+ 25. Qxf3 Rxe1+ 26. Kh2 Qd5
27. Qxd5+ Nxd5 28. Nc3 Rxa1 29. Bxa1 Nxc3 30. Bxc3 Rc8 31. Bd4 Rc2 32. Bxa7
Rxa2 33. Bc5 Rd2 34. d4 Rd3 35. b4 Ke6 36. Kg1 g6 37. Kf1 Kd5 38. Ke2 Rb3 39.
g3 Ke4 40. d5 Rd3 41. d6 {Time forfeit} 1-0

[Event "Rated Blitz game"]
[Site "?"]
[Date "2021.03.01"]
[Round "?"]
[White "Nermid"]
[Black "KamranShirazi"]
[Result "0-1"]
[WhiteElo "2407"]
[BlackElo "2527"]
[PlyCount "34"]
[EventDate "2021.??.??"]
[EventType "blitz"]

1. e4 e5 2. Nf3 d5 3. exd5 e4 4. Ne5 Qxd5 5. d4 exd3 6. Nxd3 Bd6 7. Nc3 Qf5 8.
Qe2+ Be6 9. Be3 Nc6 10. Nb5 O-O-O 11. Nxd6+ Rxd6 12. O-O-O Nf6 13. Kb1 Rhd8 14.
h3 Nb4 15. a3 Nxd3 16. cxd3 Qd5 17. b4 Qb3+ {Normal} 0-1

[Event "Rated Blitz tournament XlrT4Ph5"]
[Site "?"]
[Date "2021.03.01"]
[Round "?"]
[White "gmadham"]
[Black "Melitopol_Chery"]
[Result "0-1"]
[WhiteElo "2542"]
[BlackElo "2378"]
[PlyCount "68"]
[EventDate "2021.??.??"]
[EventType "blitz"]

1. e4 e5 2. Nf3 d5 3. exd5 e4 4. Qe2 Nf6 5. Nc3 Be7 6. Nxe4 O-O 7. d3 Qxd5 8.
Bg5 Nbd7 9. Nc3 Bb4 10. Qd2 Re8+ 11. Be2 Qf5 12. O-O h6 13. Be3 Bd6 14. Nd4 Qg6
15. Bf3 Ne5 16. Kh1 a6 17. Bd1 Nfg4 18. Bf4 c5 19. Nf3 Bd7 20. h3 Nxf3 21. Bxf3
Ne5 22. Be4 Qh5 23. f3 Rab8 24. Nd5 f5 25. Nb6 Be6 26. Bd5 Qh4 27. Rae1 Bf7 28.
Bxe5 Bxe5 29. Bxf7+ Kxf7 30. Nd7 Bf4 31. Qc3 Qg3 32. Qc4+ Kg6 33. Kg1 Qh2+ 34.
Kf2 Bg3# {Normal} 0-1